000 00892nam a2200253Ia 4500
003 OSt
005 20221005113214.0
006 a|||||r|||| 00| 0
007 ta
008 221004b |||||||| |||| 00| 0 pan d
020 _c300
024 _a5819
037 _b715, 26/06/2013, H.K. Prakashan
_cTextual
040 _aCRL
_cCRL
_bpan
041 _2pan
_apan
082 _aTN6.2, 153Q0
100 _aਨੰਦਰਾ, ਇੰਦਰਦੇਵ ਸਿੰਘ
245 0 _aਦੂਰ ਸੰਚਾਰ ਅਤੇ ਮੁਕਤ ਸਿੱਖਿਆ
260 _aਪਟਿਆਲਾ
_b21 ਸੈ੍ਵਚੂਰੀ ਪਬਲੀਕੇFਨਗ਼ ਭਾਰਤ
_c2010
300 _a282ਪੰ
_ccm.
650 _aਸਿੱਖਿਆ
942 _hTN6.2, 153Q0
_cTEXL
_2cc
999 _c1027380
_d1027380